Decret 100/1984 de 10 d'abril, sobre supressió de barreres arquitectòniques = Decreto 100/1984 de 10 de abril sobre supresión de barreras arquitectónicas
Publicado:
Barcelona :
Generalitat de Catalunya. Departament de Sanitat i Seguretat Social. Direcció Gral. de Serveis Socials ,
1984
Descripción Física:
55 + 55 p. ; 21 cm
Colección:
Supressió de barreres arquitectòniques ; 2
Otros Autores:
Catalunya. Direcció General de Serveis Socials
MARC
| LEADER | 00000nam a2200000Ia 4500 | ||
|---|---|---|---|
| 001 | 1547 | ||
| 008 | 160829s1984 xx 000 0 cat d | ||
| 080 | |a B-1-360 | ||
| 100 | |a Catalunya. Lleis, etc. |9 35754 | ||
| 245 | |a Decret 100/1984 de 10 d'abril, sobre supressió de barreres arquitectòniques = Decreto 100/1984 de 10 de abril sobre supresión de barreras arquitectónicas | ||
| 260 | |a Barcelona : |b Generalitat de Catalunya. Departament de Sanitat i Seguretat Social. Direcció Gral. de Serveis Socials, |c 1984 | ||
| 300 | |a 55 + 55 p. ; |c 21 cm | ||
| 490 | |a Supressió de barreres arquitectòniques ; 2 | ||
| 650 | |a Urbanisme |x Dret i legislació |x Catalunya |9 31901 | ||
| 650 | |a Supressió de barreres arquitectòniques |x Dret i legislació |x Catalunya |9 31899 | ||
| 700 | |a Catalunya. Direcció General de Serveis Socials |9 23280 | ||
| 901 | |a Arxiu | ||
| 942 | |n 1 | ||
| 952 | |0 0 |1 0 |4 0 |6 B1360 |7 1 |9 45795 |a Arxiu |b Arxiu |d 2016-12-01 |l 0 |o B-1-360 |p 1547 |r 2016-12-01 00:00:00 |w 2016-12-01 |y ARXIU | ||
| 999 | |c 49295 |d 49295 | ||